000 00487nam a2200193Ia 4500
005 20250508165615.0
008 008 250505s9999 xx 000 0 eng d
037 _aTextual
040 _aFEDL
_beng
_cFEDL
041 _aeng
_2eng
084 _a130, SAT
_qFEDL
100 _aSatprem
245 0 _aMind of the cells
260 _aMysore, India
_bMira Aditi Center
_c1982
300 _a217
365 _aINR
_b70
942 _cTEXL
_h130, SAT
999 _c1396160
_d1396160